Terminer la révolution. La Constitution de 1795
Salvato in:
| Autore principale: | |
|---|---|
| Natura: | Libro |
| Lingua: | francese |
| Pubblicazione: |
Paris, France
Fayard
2006
|
| Serie: | Histoire des constitutions de la France
|
| Soggetti: | |
| Tags: |
Aggiungi Tag
Nessun Tag, puoi essere il primo ad aggiungerne!!
|
MARC
| LEADER | 00000cam a2200000 a 4500 | ||
|---|---|---|---|
| 001 | UCC8376 | ||
| 003 | CL-VaPUC | ||
| 005 | 20210610001623.0 | ||
| 008 | 190621e20060000fr |||||||||||||||||fre|d | ||
| 999 | |c 374713 |d 374711 | ||
| 020 | |a 9782213597751 | ||
| 040 | |c Pontificia Universidad Católica de Valparaíso | ||
| 082 | 0 | 4 | |a 342.44 TRO 2006 |2 21 |
| 100 | 0 | |a Troper, Michel |e author |9 46 | |
| 245 | 1 | 0 | |a Terminer la révolution. |b La Constitution de 1795 |
| 260 | |a Paris, France |b Fayard |c 2006 | ||
| 300 | |a 778 páginas | ||
| 440 | |a Histoire des constitutions de la France |9 856717 | ||
| 583 | |a last modification |c 20190621 12:31:00 |k Rodrigo Vera | ||
| 650 | 0 | |a Derecho constitucional |9 222588 | |
| 650 | 0 | |a Derecho francés |9 385145 | |
| 852 | |a BIBDER | ||
| 942 | |c BK |2 ddc | ||
| 945 | |d 20190621 12:31:00 |a dcastane | ||
| 952 | |0 0 |1 0 |3 erd |4 0 |6 342_440000000000000_TRO_2006 |7 0 |8 A |9 493406 |a BIBDER |b BIBDER |d 2019-06-19 |e 33 |g 73781.00 |i 5553830 |o 342.44 TRO 2006 |p 5553830 |r 2023-01-25 |v 73781.00 |w 2019-11-24 |y BK |z Catalogado en:20190621 |k DER | ||